Statistics for Top 1950s Rock N Roll Pioneers

Click here to take the quiz!

General Stats

  • This quiz has been taken 329 times
  • The average score is 9 of 11

Answer Stats

#HintAnswer% Correct
1Heartbreak HotelElvis Presley
99%
2Johnny B GoodeChuck Berry
95%
3Tutti FruttiLittle Richard
92%
4Peggy SueBuddy Holly
90%
5Great Balls of FireJerry Lee Lewis
88%
8Blueberry HillFats Domino
83%
7Rock Around the ClockBill Haley
81%
10La BambaRitchie Valens
77%
9Blue Suede ShoesCarl Perkins
67%
honorable mentionBye Bye LoveThe Everly Brothers
66%
6I'm a ManBo Diddley
29%

Score Distribution

Percentile by Number Answered

Percent of People with Each Score

Your Score History

You have not taken this quiz